Diverzifikácia vidieckej ekonomiky - príležitosť pre celý slovenský vidiek

Situácia na slovenskom vidieku a v tradičných vidieckych sektoroch - v poľnohospodárstve a lesníctve, ako aj ich súčasné možnosti podieľať sa na vidieckej ekonomike. Prehľad súčasných možností sociálnej a ekonomickej diverzifikácie vidieka, a to na farme i v obci, a tiež konkrétnych nástrojov, ktoré...

Descrizione completa

Salvato in:
Dettagli Bibliografici
Autore principale: Tvrdoňová, Jela
Natura: Capitolo di libro
Lingua:slovacco
Soggetti:
Tags: Aggiungi Tag
Nessun Tag, puoi essere il primo ad aggiungerne!!

MARC

LEADER 00000naa$a2200000$$$4500
001 0042060
005 20231018091502.6
041 0 |a slo 
044 |a SK 
245 1 0 |a Diverzifikácia vidieckej ekonomiky - príležitosť pre celý slovenský vidiek  |c Jela Tvrdoňová 
520 |a Situácia na slovenskom vidieku a v tradičných vidieckych sektoroch - v poľnohospodárstve a lesníctve, ako aj ich súčasné možnosti podieľať sa na vidieckej ekonomike. Prehľad súčasných možností sociálnej a ekonomickej diverzifikácie vidieka, a to na farme i v obci, a tiež konkrétnych nástrojov, ktoré sa dajú použiť pre integrovaný rozvoj vidieka. Prehľad záujmu oprávnených používateľov o jednotlivé možnosti diverzifikácie na vidieku, alebo v prípade údajov Poľnohospodárskej platobnej agentúry SR aj skutočného čerpania dostupných zdrojov - dotácie, SAPARD, SOP PRV, PRV. 
610 2 0 |a vidiek 
610 2 0 |a ekonomika priestorová 
610 2 0 |a ekonomika regionálna 
610 2 0 |a rozvoj regionálny 
610 2 0 |a rozvoj sociálno-ekonomický 
610 2 0 |a podnik poľnohospodársky 
610 2 0 |a zisk 
610 2 0 |a tržby 
610 2 0 |a výroba 
610 2 0 |a diverzifikácia 
610 2 0 |a programy rozvojové 
610 2 0 |a prostriedky peňažné 
610 2 0 |a fond rozvoja 
100 1 |a Tvrdoňová, Jela